000 00580nam a2200229Ia 4500
003 OSt
005 20221005114728.0
006 a|||||r|||| 00| 0
007 ta
008 221004b |||||||| |||| 00| 0 ben d
024 _a8604
037 _cTextual
040 _aCRL
_cCRL
_bben
041 _2ben
_aben
082 _aY:1.275, 157N6.2
100 _aRahim M.A Au.
_9626424
245 0 _aBanglar samajik o Samskritik itihas
260 _c1996
650 _aSOCIOLOGY
942 _hY:1.275, 157N6.2
_cTEXL
_2cc
999 _c1032191
_d1032191